Simple Science Experiments with Everyday Materials (Record no. 2590)

MARC details
000 -LEADER
fixed length control field 00250nam a22000857a 4500
008 - FIXED-LENGTH DATA ELEMENTS--GENERAL INFORMATION
fixed length control field 160718b xxu||||| |||| 00| 0 eng d
100 ## - MAIN ENTRY--PERSONAL NAME
9 (RLIN) 3027
Personal name Mandell, M
245 ## - TITLE STATEMENT
Title Simple Science Experiments with Everyday Materials
260 ## - PUBLICATION, DISTRIBUTION, ETC. (IMPRINT)
Place of publication, distribution, etc. New York
Name of publisher, distributor, etc. Sterling
Date of publication, distribution, etc. 1989
Holdings
Withdrawn status Lost status Source of classification or shelving scheme Damaged status Not for loan Home library Current library Shelving location Date acquired Total Checkouts Full call number Barcode Date last seen Price effective from Koha item type
    Dewey Decimal Classification     Good Samaritan School Library Good Samaritan School Library   07/18/2016   500 MAN4159 07/18/2016 07/18/2016 BOOK

Powered by Koha